Un vistazo a Enciclomedia : ¿Qué sabemos del programa Enciclomedia a cinco años de su puesta en marcha en aulas de primaria? /
Análisis que valora los logros de la plataforma de e-learning instituida por el gobierno, denominada Enciclomedia, en la administración de Vicente Fox. Se presentan tanto los resultados de un estudio cuantitativo como cualitativo del sistema.
Guardado en:
| Autor principal: | |
|---|---|
| Otros autores: | |
| Formato: | Libro |
| Idioma: | Español |
| Publicado: |
México :
Secretaría de Educación Pública,
2010, c2010
|
| Temas: | |
| Etiquetas: |
Sin etiquetas, Sé el primero en etiquetar este registro!
|
MARC
| LEADER | 00000nam^a2200000^a^4500 | ||
|---|---|---|---|
| 001 | 000356223 | ||
| 005 | 20250521000000.0 | ||
| 009 | 20260310115224.899 | ||
| 020 | |a 978-607-469-229-7 | ||
| 037 | |a Acervo ITESO - Biblioteca | ||
| 041 | |a ESP | ||
| 082 | |a 371. 334 |b MEJ | ||
| 100 | |a Mejía Botero, Fernando |e (autor) | ||
| 245 | 1 | 3 | |a Un vistazo a Enciclomedia : |b ¿Qué sabemos del programa Enciclomedia a cinco años de su puesta en marcha en aulas de primaria? / |c F. Mejía Botero, F.F. Martínez Rodríguez. |
| 264 | 4 | |a México : |b Secretaría de Educación Pública, |c 2010, c2010 | |
| 300 | |a 95 p. | ||
| 336 | |a texto |b txt |2 rdacontenido | ||
| 337 | |a sin mediación |b n |2 rdamedio | ||
| 338 | |a volumen |b nc |2 rdasoporte | ||
| 520 | |a Análisis que valora los logros de la plataforma de e-learning instituida por el gobierno, denominada Enciclomedia, en la administración de Vicente Fox. Se presentan tanto los resultados de un estudio cuantitativo como cualitativo del sistema. | ||
| 649 | |a XX | ||
| 650 | |a Multimedia - |z México - |x Tema Principal | ||
| 650 | |a Computadoras en la Educación - |z México - |x Tema Principal | ||
| 650 | |a Apoyos Didácticos - |z México | ||
| 650 | |a Interactividad | ||
| 650 | |a Tecnología Educativa - |z México | ||
| 650 | |a Metodología Educativa - |z México | ||
| 650 | |a Programas Gubernamentales - |z México - |x Tema Principal | ||
| 650 | |a Programas Sociales - |z México | ||
| 650 | |a Educación Primaria - |z México | ||
| 650 | |a Educación - |z México | ||
| 700 | |a Martínez Rodríguez, Félix Francisco |e (autor) | ||
| 910 | |a Fondo General | ||
| 920 | |a Impresos - Libros | ||
| 930 | |a Colección General | ||
| 905 | |a 101 | ||
| 901 | |a 0500249024 |b IT1 |c ACC |i D70732 |u 20250521 | ||
| 902 | |a https://opac.biblio.iteso.mx/vufind/Record/000356223 | ||